| 000 | 00996cam a2200241 a 4500 | ||
|---|---|---|---|
| 001 | 000002900 | ||
| 005 | 20200929150259.0 | ||
| 008 | 960522s1993 mx f000 0 spa | ||
| 010 | _a96152133 | ||
| 020 | _a9687389036 | ||
| 020 | _a9687389001 | ||
| 040 |
_aDO-SdBNP _bspa _cBNPHU |
||
| 082 |
_a972.36 _bC696i |
||
| 245 | 0 | 0 |
_aColima a inicios de la década de los veinte : _baspectos de una crisis política : antología / _cPablo Serrano Alvarez, introducción, selección y notas. |
| 260 |
_aColima, Col., México : _bUniversidad de Colima, Coordinación General de Extensión Universitaria : _bGobierno del Estado de Colima, Instituto Colimense de Cultura ;, _c1993. |
||
| 300 |
_ax, 103 p. ; _c28 cm. |
||
| 490 | 1 |
_aDocumentos colimenses ; _v3 |
|
| 500 | _a"Proyecto historia general de Colima." | ||
| 651 | 4 |
_aColima (México{Rpara} _xHistoria _99212 |
|
| 700 | 1 |
_aSerrano Alvarez, Pablo. _99213 |
|
| 830 | 0 |
_aDocumentos colimenses ; _v3 _99214 |
|
| 910 | _aValidado. Control de calidad MFF | ||
| 999 |
_c2734 _d2734 |
||